| 000 | 00503 a2200157 4500 | ||
|---|---|---|---|
| 999 |
_c4027 _d4027 |
||
| 020 | _a0824791673 | ||
| 050 | _aKF5402 HAN 1994 | ||
| 100 |
_aRosenbloom, David H. _eeditor |
||
| 245 |
_aHandbook of regulation and administrative law/ _cedited by David H. Rosenbloom and Richard D. Schwartz |
||
| 264 |
_aNew York _bMarcel Dekker _c1994 |
||
| 300 | _a585p.: | ||
| 500 | _aadminstrative law | ||
| 650 | _aAdministrative law | ||
| 700 |
_aSchwartz, Richard D. _ejoint-editor |
||
| 942 |
_2lcc _cBK _h5402 _iHAN _kKF |
||